| 000 | 00392nam a2200169Ia 4500 | ||
|---|---|---|---|
| 008 | 210210b1963 xxu||||| |||| 00| 0 eng d | ||
| 041 | _aeng | ||
| 082 | _a821/900 | ||
| 100 | _aLAMBERT (J W) | ||
| 245 | _aNew English Dramatists | ||
| 260 |
_aVictoria _bPenguin Books _c1963 |
||
| 650 | _aNew | ||
| 650 | _aEnglish | ||
| 650 | _aDramatists | ||
| 690 | _aEnglish Drama | ||
| 906 | _a012066 | ||
| 999 |
_c130817 _d130817 |
||